000 01422nam0a22002531 4500
001 rc\4492849
005 20260407181334.0
021 _aRU
_b[65-51440]
035 _a(NLR Aleph) 008609700
090 _a8755900
_c8755900
100 _a20130416d1965 |||y0rusy50 ca
101 0 _arus
102 _aRU
105 _ay z |||||
200 1 _aКраткий отчет и решение совещания
_fГос. производ. ком. по энергетике и электрификации СССР. ВНИИГ им. Б.Е. Веденеева. М-во речного флота РСФСР. ЛИВТ. Ленингр. бассейновое науч.-техн. о-во водного транспорта. Координационное совещание по науч. исследованиям и проектированию трансп. судоподъемников
210 _aЛенинград
_cБ. и.
_d1965
215 _a12 с.
_d19
606 _aСудоподъемные средства и сооружения
_2psbo
710 1 2 _aКоординационное совещание по научным исследованиям и проектированию транспортных судоподъемников
_f1965
_eЛенинград
_3RU\NLR\AUTH\8810116050
_9731385
801 0 _aRU
_bNLR
_gpsbo
801 1 _aRU
_bELAR
_2rusmarc
852 _aNLR
_j65-4/11204
942 _cBOOK
980 _aNB